000 00463nam a2200181Ia 4500
001 19924
005 20260306172728.0
008 260306t2004||||xx |||||||||||||| ||spa||
041 _aESP
082 _a341.4
_bP99
100 _aPuy Muñoz, Francisco, (coord.)
_eAUT
245 0 _aLa argumentación jurídica:
_bproblemas de concepto, método y aplicación
260 _c2004
300 _a
_c
650 _aGEN
654 _aCDE
942 _cLIB
_dJUS
_fJUS
_2ddc
_n
999 _c19924
_d19924